000
00275nam a2200109Ia 4500
008
220204s9999 xx 000 0 und d
082
_a
681.3
_b
MAC
245
0
_a
System engineering handbook
260
_a
New York
_b
McGraw hill
_c
1965
700
_a
Machol, Robert E
942
_c
BK
999
_c
26971
_d
26971